一个人上东京 (Record no. 65187)

000 -LEADER
fixed length control field 00495nam a22001817a 4500
003 - CONTROL NUMBER IDENTIFIER
control field MPLRDC
005 - DATE AND TIME OF LATEST TRANSACTION
control field 20220104193423.0
008 - FIXED-LENGTH DATA ELEMENTS--GENERAL INFORMATION
fixed length control field 210129b ||||| |||| 00| 0 eng d
020 ## - INTERNATIONAL STANDARD BOOK NUMBER
International Standard Book Number 978-7-5502-1541-2
082 ## - DEWEY DECIMAL CLASSIFICATION NUMBER
Classification number 947.415 GMZZ-6 c.2
100 ## - MAIN ENTRY--PERSONAL NAME
Personal name 高木直子 图文
245 ## - TITLE STATEMENT
Title 一个人上东京
Statement of responsibility, etc. 常纯敏 译
250 ## - EDITION STATEMENT
Edition statement 一版一刷
260 ## - PUBLICATION, DISTRIBUTION, ETC.
Place of publication, distribution, etc. 中国
Name of publisher, distributor, etc. 北京联合出版公司
Date of publication, distribution, etc. 2013
300 ## - PHYSICAL DESCRIPTION
Other physical details
650 ## - SUBJECT ADDED ENTRY--TOPICAL TERM
Topical term or geographic name entry element 漫画--多格 多单元
942 ## - ADDED ENTRY ELEMENTS (KOHA)
Koha item type Book
-- 947.415 GMZZ-6 c.2
Holdings
Withdrawn status Lost status Source of classification or shelving scheme Damaged status Not for loan Collection code Home library Current library Shelving location Date acquired Cost, normal purchase price Total Checkouts Full call number Barcode Date last seen Date last checked out Price effective from Koha item type Public note
            Malaysian Public Library, Research and Development Centre Malaysian Public Library, Research and Development Centre   21/05/2014 23.00   947.415 GMZZ-6 c.2 00059191 18/03/2021 26/01/2019 18/03/2021 Book mplrdc

© 2022. Malaysian Public Library, Research and Development Centre. All Right ReservedE-mailmplrdc@help.edu.my 

Powered by Koha